00393 a2200121 4500001001000000005001700010008004100027245007300068100001900141700002200160773007200182999001700254ART_1155020260410161858.0260409a 10aPolitical economy of a public corporation Pricing objetives of BART1 aCooter, Robert1 aTopakian, Gregory0 tJournal of public economicsg- Vol. 13, NÂș 3 (jun. 1980)wREV11485 c25631d25631